000
00323nam a2200133Ia 4500
005
20260328104318.0
008
260328s9999||||xx |||||||||||||| ||und||
100
_a
de Lauwe, Chombart
245
0
_a
Des Hommes et Des villes /
_c
Chombart de Lauwe
260
_b
Payot
300
_a
249 p.
650
_a
TEORÍA
942
_c
BK
999
_c
11223
_d
11223